000 00534nmm a2200169Ia 4500
008 251105s9999||||xx |||||||||||||||||und||
020 _a9788497425704
041 _aspa
100 _aHernandez Sacristan, Carlos
245 0 _aInhibicion y lenguaje :
_b A proposito de la afasia y la experiencia del decir
264 _a[Madrid, España] :
_bBiblioteca Nueva,
_c2006
300 _a248 páginas
490 _aPsicología Universidad
650 _aMedicine
856 _uhttps://public.digitaliapublishing.com/a/17538
942 _cCF
999 _c90293
_d90293